00570nam a22001575i 4500001000700000003000900007005001700016008004100033245006500074260005300139300003700192490006300229710003200292830006300324852002500387172807ES-MaACL20230906215035.0090909s1950 sp |||| | spa d00aCatálogo de la colección de cuernas talladas y grabadas. aMadrid : bMuseo del Pueblo Español, c[1950?] a30 p., 8 p. de lám. ; c22 cm.1 aTrabajos y materiales del Museo del Pueblo Español ; v32 aMuseo del Pueblo Español.0 aTrabajos y materiales del Museo del Pueblo Español ; v3 aES-MaACLj2300-F-20